000 01016nam2a22002411 4500
001 rc\4738122
005 20250612014823.0
035 _a(NLR Aleph) 008451041
090 _a7810070
_c7810070
100 _a20130416d1967 |||y0rusy50 ca
101 0 _arus
102 _aRU
105 _ay z |||||
200 0 _aПрил. 4-е доп.
_f[Сост. Р.А. Булыгина]
210 _d1967
_aБ. м.
215 _a32 с.
461 0 _1001rc\4738120
_12001#$aПрочность сверхзвуковых самолетов$eБиблиогр. список$fЦАГИ. Бюро науч. информации$vПрил. 4-е доп.
_97810059
_c[Москва]
_d1962
_fЦАГИ. Бюро науч. информации
_nБ. и.
_oБиблиогр. список
_p42 с.
_tПрочность сверхзвуковых самолетов
_vПрил. 4-е доп.
702 1 _aБулыгина
_bР.А.
_4220
801 0 _aRU
_bNLR
_gpsbo
801 1 _aRU
_bELAR
_2rusmarc
852 _aNLR
_j50к/13487
942 _cBOOK
980 _aNB